Dirshuni : Contemporary Women's Midrash /
"Dirshuni: Contemporary Women's Midrash, is the first ever English edition of an historic collection of midrashim composed by Israeli women. The volume features a comprehensive introduction to Midrash for the uninitiated reader by the distinguished scholar Tamar Kadari and extensive annota...
| Otros Autores: | |
|---|---|
| Formato: | Electrónico eBook |
| Idioma: | Inglés Hebrew |
| Publicado: |
Waltham, Massachusetts :
Brandeis University Press,
[2022]
|
| Colección: | Book collections on Project MUSE.
|
| Temas: | |
| Acceso en línea: | Texto completo |
MARC
| LEADER | 00000cam a22000004a 4500 | ||
|---|---|---|---|
| 001 | musev2_100013 | ||
| 003 | MdBmJHUP | ||
| 005 | 20230905053458.0 | ||
| 006 | m o d | ||
| 007 | cr||||||||nn|n | ||
| 008 | 211201s2022 mau o 00 0 eng d | ||
| 020 | |a 9781684580965 | ||
| 020 | |z 9781684580958 | ||
| 035 | |a (OCoLC)1302574220 | ||
| 040 | |a MdBmJHUP |c MdBmJHUP | ||
| 041 | 1 | |a eng |h heb | |
| 245 | 0 | 0 | |a Dirshuni : |b Contemporary Women's Midrash / |c edited with commentary by Tamar Biala ; introduction by Tamar Kadari. |
| 264 | 1 | |a Waltham, Massachusetts : |b Brandeis University Press, |c [2022] | |
| 264 | 3 | |a Baltimore, Md. : |b Project MUSE, |c 2022 | |
| 264 | 4 | |c ©[2022] | |
| 300 | |a 1 online resource. | ||
| 336 | |a text |b txt |2 rdacontent | ||
| 337 | |a computer |b c |2 rdamedia | ||
| 338 | |a online resource |b cr |2 rdacarrier | ||
| 490 | 0 | |a HBI series on Jewish women | |
| 520 | |a "Dirshuni: Contemporary Women's Midrash, is the first ever English edition of an historic collection of midrashim composed by Israeli women. The volume features a comprehensive introduction to Midrash for the uninitiated reader by the distinguished scholar Tamar Kadari and extensive annotation and commentary by Tamar Biala"-- |c Provided by publisher | ||
| 588 | |a Description based on print version record. | ||
| 630 | 0 | 7 | |a Bible. |p Old Testament. |2 fast |0 (OCoLC)fst01808092 |
| 630 | 0 | 0 | |a Bible. |p Old Testament |x Feminist criticism. |
| 630 | 0 | 0 | |a Midrash. |
| 650 | 7 | |a Feminist criticism. |2 fast |0 (OCoLC)fst00922759 | |
| 650 | 7 | |a Midrash. |2 fast |0 (OCoLC)fst01020601 | |
| 650 | 7 | |a Women in the Bible. |2 fast |0 (OCoLC)fst01177997 | |
| 650 | 6 | |a Femmes dans la Bible. | |
| 650 | 6 | |a Midrash. | |
| 650 | 0 | |a Midrash. | |
| 650 | 0 | |a Women in the Bible. | |
| 655 | 7 | |a Electronic books. |2 local | |
| 700 | 1 | |a Biala, Tamar, |e editor. | |
| 710 | 2 | |a Project Muse. |e distributor | |
| 830 | 0 | |a Book collections on Project MUSE. | |
| 856 | 4 | 0 | |z Texto completo |u https://projectmuse.uam.elogim.com/book/100013/ |
| 945 | |a Project MUSE - Custom Collection | ||
| 945 | |a Project MUSE - 2022 Philosophy and Religion | ||
| 945 | |a Project MUSE - 2022 Jewish Studies | ||
| 945 | |a Project MUSE - 2022 Complete | ||


